| 000 | 00497nam a2200157 i 4500 | ||
|---|---|---|---|
| 001 | 149753 | ||
| 003 | ES-MaACL | ||
| 005 | 20230906203237.0 | ||
| 007 | t| | ||
| 008 | 071024s1970 sp ||||1| spa d | ||
| 100 | 1 |
_aValtierra, Angel. _9112991 |
|
| 245 | 1 | 0 |
_aJesucristo, nuestro contemporáneo _b: presencia vital de Jesucristo en nuestro mundo / _cAngel Valtierra. |
| 260 |
_aMadrid : _bApostolado de la Prensa, _c1970. |
||
| 300 |
_a498 p. ; _c22 cm. |
||
| 852 |
_aES-MaACL _jC-38157 _bR.73762 |
||
| 999 |
_c149753 _d149753 |
||